Представление документа в формате RUSMARC

ПолеНазваниеЗначение
  Тип записи a
  Библиографический уровень a
001 Контрольный номер RU/CBS_UL/BASE/6635b0f9628d4f8299c7a3f5287d25f0
005 Дата корректировки 20230504161546.4
100 Данные общей обработки __
a Данные общей обработки 20230428 ||| 0rusy0189 ca
101 Язык документа 0_
a Язык текста rus
102 Страна публикации __
a Страна публикации RU
200 Заглавие и сведения об ответственности 1_
a Заглавие Мадам Грицацуева и её конкурентки
e Сведения, относящиеся к заглавию [о судьбе актрисы Н. Крачковской]
f Первые сведения об ответственности Б. Стеклов
300 Общие примечания __
a Общие примечания 16+
461 Уровень набора _0
1 2000
a Дарья. Биография
463 Уровень физической единицы _0
1 2000
a № 4
v С. 28-29 : фот.
1 2101
d 2023
1 001RU/CBS_UL/BASE/a3f68aa67b494533a02fc2573bf9b89e
600 Персоналии _1
a Персоналии (Фамилия) Крачковская
b Персоналии (Имя, инициалы) Н.Л.
606 Тематические рубрики 0_
a Основная рубрика Крачковская, Наталья Леонидовна (1938-2016)
610 Ключевые слова 0_
a Ключевые слова актрисы советские
610 Ключевые слова 0_
a Ключевые слова актрисы российские
610 Ключевые слова 0_
a Ключевые слова киноактрисы
610 Ключевые слова 0_
a Ключевые слова Заслуженные артистки РФ
686 Индексы других классификаций __
2 Код системы rubbk
a Классификационный индекс 85.374(2)
701 Альтернативная интеллектуальная ответственность _1
a Фамилия Стеклов
b Имя (инициалы) Б.
801 Источник записи _0
a Страна RU
b Организация МБУК ЦБС г. Ульяновска
c Дата составления 20230428
g Правила каталогизации RCR
801 Источник записи _1
a Страна RU
b Организация МБУК ЦБС г. Ульяновска
c Дата составления 20230428
g Правила каталогизации RCR
901 Тип документа __
t Тип документа b
w Контрольный № источника RU/CBS_UL/BASE/a3f68aa67b494533a02fc2573bf9b89e